01454nam a22003374a 4500001001200000003000800012006001900020007001500039008004100054010001700095020002200112040002100134035002000155050002700175082001900202100004500221245010100266260006400367300002400431490006200455504006600517533015200583630006400735650002800799650003500827655002900862710001700891830006500908856012600973999001701099ebr10006808CaPaEBRm u cr cn|||||||||010601s2002 enka sb 001 0 eng  z 2001037393 z0521810418 (hbk.) aCaPaEBRcCaPaEBR a(OCoLC)5261138914aBS2655.S54bC37 2002eb04a241/.3/0922211 aCarter, T. L.q(Timothy Leonard),d1963-10aPaul and the power of sinh[electronic resource] :bredefining 'Beyond the pale' /cT.L. Carter. aCambridge ;aNew York :bCambridge University Press,c2002. axiv, 241 p. :bill.1 aSociety for New Testament Studies monograph series ;v115 aIncludes bibliographical references (p. 210-226) and indexes. aElectronic reproduction.bPalo Alto, Calif. :cebrary,d2013.nAvailable via World Wide Web.nAccess may be limited to ebrary affiliated libraries.00aBible.pN.T.pEpistles of PaulxSocio-rhetorical criticism. 0aSinxBiblical teaching. 0aGentiles in the New Testament. 7aElectronic books.2local2 aebrary, Inc. 0aMonograph series (Society for New Testament Studies) ;v115.40uhttp://site.ebrary.com/lib/rucke/Doc?id=10006808zAn electronic book accessible through the World Wide Web; click to view c15336d15336